1877 1466 1725 1388 1803 1280 1930 1303 1098 1992 1878 1423 1946 1584 1293 1276 1196 1620 1649 1375 1283 1587 1086 1967 1679 1093 1613 1657 1292 1030 1586 1756 1049 1704 1385 1150 1734 1881 1627 1004 1805 1864 1615 1978 1761 1494 1313 1129 1626 1061 1912 1679 1948 1464 1406 1882 1568 1630 1266 1090 1614 1374 1834 1290 1336 1471 1562 1893 1709 1085 1826 1326 1713 1576 1563 1006 1251 1104 1884 1545 1746 1467 1166 1819 1717 1991 1872 1936 1273 1563 1178 1012 1951 1514 1512 1053 1075 1566 1881 BCNSPRNW ULIB Ver.6.0+V

เปลี่ยนเป็นภาษาไทย

Change to English
 แสดงรายละเอียดบรรณานุกรม
  กลับหน้าหลัก

Brief Record : Get Marc (ISO 2709) : E-mail record : QR code < ปิดหน้าต่าง
LEADER : 00000nam 2200000uu 4500
001    13399121851
003     ULIB
008    121212s2551||||th 000 0 tha d
020    ^a9789743838972(ล.7)
060 04 ^aWO100^bพ291ศ ล.7
245 00 ^aศัลยศาสตร์ทั่วไป.^nเล่ม 7,^pCurrent problems in surgery/^cคณะบรรณาธิการ, พรพรหม เมืองแมน ... [และคนอื่นๆ]
246 30 ^aศัลยศาสตร์ทั่วไป
246 30 ^aCurrent problems in surgery
250    ^aพิมพ์ครั้งที่ 1
260    ^aกรุงเทพฯ :^bโฆษิตการพิมพ์,^c2551
300    ^a362 หน้า :^bภาพประกอบ ;^c22 ซม.
500 หน ^aังสือประกอบการประชุมวิชาการของสมาคมศัลยแพทย์ทั่วไปแห่งประเทศไทย ในพระบรมราชูปถัมภ์ ประจำปี 2551 ครั้งที่ 7 เรื่อง " Tips & techniques in operative surgery" วันที่ 19-21 พฤศจิกายน 2551 ณ อาคารเฉลิมพระบารมี 50 ปี
650  7 ^aศัลยศาสตร์
650  7 ^aศัลยกรรม^vรวมเรื่อง
653    ^aผลงานอาจารย์คณะแพทยศาสตร์ศิริราชพยาบาล
700 0  ^aพรพรหม เมืองแมน,^eบรรณาธิการ
945    ^p750^l0^i16499
995    ^aทศพร
999    ^aทศพร เกษรทอง
รายการนี้ยังไม่มีแท็ก
คุณยังไม่ได้ล็อกอิน คุณสามารถมีกิจกรรมร่วมกับเว็บไซต์ได้ แต่ต้องล็อกอินก่อน ::
  ล็อกอิน

รายการสื่อสารสนเทศ

ลำดับที่ ประเภท เลขเรียก/บาร์โค้ด สถานที่ สถานะ
- ไม่พบข้อมูล -

รายการใกล้เคียง
    หัวเรื่อง [ศัลยศาสตร์]

BibComment


ยังไม่เคยถูกคอมเมนท์

คอมเมนท์ทรัพยากรรายการนี้
  คอมเมนท์: ศัลยศาสตร์ทั่วไป..


 Copyright 2026. Bcnsprnw @Library